000 01347nam a22002177a 4500
005 20250731111111.0
010 _aB-774287-308 25BACHN25
020 _a9788197279522
_c450.00
035 _aB-774287-308
037 _bपैंसी बुक्स
082 _a350
245 _aलोक प्रशासनः
_bप्रश्नोत्त्रर के रूप में/
_cएन.एन .ओझा द्वारा सम्पादित
246 _aLok Parshasn/
260 _aनॉएडा
_bक्रोनिकल बुक्स
_c2024
270 _aए-26
_bनॉएडा
_e201301
300 _a381पृ.
_c26सेमी (अजिल्द )
500 _aआईएएस मुख्.य परीक्षा आध्यायवार हल प्रश्न-पत्र 2008-2023 यूपीएससी एण्ड स्टेट पीएससीस
700 _aओझा,एन.एन
_979529
942 _2ddc
_cHN
_h350
_mलोकप्र
999 _c210240
_d210240